000 00521nam a22001817a 4500
003 UA-OsUOA
001 10712
007 ta
008 20050203b un ||||| |||| 00| 0 ukr d
100 _aНовіков В.
942 _cSA
040 _aUA-OsUOA
_cUA-OsUOA
_dUA-OsUOA
245 _aІмперативи розвитку ефективного соціального патрнерства
300 _aС.80-85
955 _a0
773 0 _w0
_tЕкономіка України
_dКиїв
_d2005
_g№1
650 7 _2UDC
999 _c296873
_d296873